| 000 | 00529nam a2200181 a 4500 | ||
|---|---|---|---|
| 001 | 325 | ||
| 003 | CDMR | ||
| 005 | 20131213174201.0 | ||
| 008 | 130130s1992||||||||||||||||||||||||||||d | ||
| 040 |
_aCDMR _bcat _cCDMR |
||
| 111 | 2 |
_aCongrés FIP _cMontreal _d1992 _n21º _9215 |
|
| 245 | 1 | 0 |
_aAu coeur du changement _bCongrès. Montréal. 6-13 juin _cFIJ |
| 260 |
_aMontréal _c1992 _bFIJ |
||
| 300 |
_a15 [f] ; _c30 cm |
||
| 500 | _aText en castellà i en anglès | ||
| 650 | 0 | 4 |
_9216 _aAssociacions de professionals i tècnics |
| 942 | _cMON | ||
| 999 |
_c325 _d325 |
||